000 00526nam a22002177a 4500
003 UA-OsUOA
001 51773
007 ta
008 20080122b un ||||| |||| 00| 0 ukr d
100 _aВойтович Михайло
090 _a32
_bВ-65
942 _cSA
040 _aUA-OsUOA
_bukr
_cUA-OsUOA
_dUA-OsUOA
245 _aКонфлікти та компроміси бюджету-2008
300 _aС.1
955 _a0
041 _aukr
080 _a32
773 0 _w51772
650 7 _a32 Політика
_2UDC
999 _c337865
_d337865